000
00331nam a22001457a 4500
008
230913b ||||| |||| 00| 0 eng d
020
_a
0262021153
041
_a
eng
080
_a
521
082
_a
521BRE
100
_a
19
101
_a
ASTRO
245
_a
HIGH ENERGY ASTROPHYSICS AND ITS RELATION
_c
BRECHER
942
_2
udc
_c
BK
999
_c
60379
_d
60379